[Event "Poti Aleksandria Cup"]
[Site "Poti"]
[Date "2011.07.16"]
[Round "6"]
[White "Khachatryan, Rafik A"]
[Black "Eranyan, Khachatur"]
[Result "0-1"]
[WhiteElo "1935"]
[BlackElo "2178"]
[PlyCount "100"]
[EventDate "2011.07.11"]
[EventType "swiss"]
[EventRounds "9"]
[EventCountry "GEO"]
[SourceTitle "CBM 143 Extra"]
[Source "ChessBase"]
[SourceDate "2011.08.29"]
[SourceVersion "1"]
[SourceVersionDate "2011.08.29"]
[SourceQuality "1"]

1. e4 e5 2. Nf3 Nc6 3. Bb5 a6 4. Ba4 Nf6 5. 0-0 b5 6. Bb3 Be7 7. Re1 0-0 8. d4 d6 9. c3 Bg4 10. Be3 d5 11. exd5 e4 12. dxc6 exf3 13. h3 Bh5 14. g4 Nxg4 15. hxg4 Bxg4 16. Bf4 Bd6 17. Bxd6 Qxd6 18. Qd3 Qh6 19. Nd2 Qh3 20. Qf1 Qh6 21. Qd3 Qh3 22. Qf1 Qh5 23. Ne4 Rad8 24. Re3 Qh4 25. Rae1 Kh8 26. Bd1 f5 27. Bxf3 Bxf3 28. Rxf3 fxe4 29. Rh3 Qf4 30. Qg2 Rd6 31. Rg3 Rdf6 32. Re2 Qc1+ 33. Qf1 Qf4 34. Qg2 Rd6 35. Qxe4 Qc1+ 36. Kg2 Rh6 37. Rh3 Qg5+ 38. Kh2 Rxh3+ 39. Kxh3 h6 40. Qg4 Qd5 41. a3 Qh1+ 42. Kg3 h5 43. Qe4 Qg1+ 44. Qg2 Qc1 45. Kh2 Rf4 46. Qg3 Rg4 47. Qf3 Qg1+ 48. Kh3 Qf1+ 49. Kh2 Rh4+ 50. Kg3 Qh3# 0-1